000 00328nam a2200145Ia 4500
008 210423s2008 xx 000 0 und d
041 _aeng
082 _a380.1 SHES
100 _aSHERLEKAR ( S A).
245 _aModern marketing.
260 _c2008
300 _axxiv,9.64
365 _cINR
906 _amarketing. ; Modern
999 _c155222
_d155222